000 00545nam a2200205Ia 4500
005 20260429111949.0
008 260429s9999||||xx |||||||||||||| ||und||
020 _a9780367702359
041 _aEnglish
082 _a515
_bKIR
100 _aKirkwood, James R.
245 0 _aIntroduction to analysis /
_cJames R. Kirkwood
250 _a3rd ed.
260 _aBoca Raton :
_bCRC Press,
_c2021.
300 _axi, 318 p.; hb
440 _aTextbooks in mathematics
650 _a Mathematical analysis
650 _aMathematics
942 _cTB
999 _c51647
_d51647